Trouver le joueur - Statistiques

Statistiques générales
  • Ce quiz a été pris 554 fois
  • Le résultat moyen est 7 sur 20
Statistiques - réponses
Hint Réponse % Correct
Meilleur buteur de la Coupe du Monde 2002 Ronaldo
92%
Partenaire historique d'Iniesta au FC Barcelone, au milieu de terrain Xavi
80%
Capitaine de l'Equipe de France lors de la Coupe du Monde 2018 Hugo Lloris
75%
Meilleur buteur de la Côte d'Ivoire avec 61 réalisations Didier Drogba
71%
Vainqueur du prix Puskas 2017 pour son coup du scorpion Olivier Giroud
69%
Seul buteur brésilien lors du match Brésil-Allemagne à la Coupe du Monde 2014 Oscar
47%
Gardien le plus cher de l'histoire transferé pour 80 millions d'euros Kepa Arrizabalaga
38%
Meilleur buteur du Benfica Lisbonne avec 473 réalisations Eusébio
36%
Premier buteur de la finale de l'Euro 2012 David Silva
33%
Vainqueur du trophée UNFP du meilleur d'espoir de Ligue 1 en 2009 et 2010 Eden Hazard
31%
3ème plus gros transfert de l'histoire du football, pour 145 millions d'euros Philippe Coutinho
31%
Joueur le plus capé du Brésil avec 142 sélections Cafu
30%
Joueur de Chelsea ayant transformé ses 10 tirs aux buts sans aucun échec actuellement Jorginho
30%
Meilleur buteur brésilien du Paris-Saint-Germain avec 71 buts Rai
23%
Unique joueur à avoir remporté la Ligue des Champions avec 3 clubs différents Clarence Seedorf
16%
Ballon d'Or 1987 Ruud Gullit
12%
Plus jeune buteur lors d'un Clasico à 19 ans Vinicius Junior
12%
Meilleur buteur de Ligue 1 lors de la saison 2009-2010 avec 18 buts Mamadou Niang
9%
Seul joueur ayant remporté 6 titres en Ligue des Champions Francisco Gento
6%
Joueur le plus grand de l'histoire de la Ligue 1 avec un taille de 2,03 mètres Lacina Traore
4%
Aucun quiz correspondant
Distribution des résultats
% des personnes avec chaque résultat
Percentile par nombre de réponses
Votre historique - résultats
Vous n’avez pas pris ce quiz